| 000 | 00392nam a2200145Ia 4500 | ||
|---|---|---|---|
| 005 | 20240814115932.0 | ||
| 008 | 240813s9999||||xx |||||||||||||| ||und|| | ||
| 082 | _a374.973 KNO | ||
| 100 | _aKnowles, Malcolm S. | ||
| 245 | 0 | _aAdult education movement in the United States | |
| 260 |
_aNew York _bHolt, Rinehart and Winston _c1962 |
||
| 300 | _a335p | ||
| 650 | _aAdult education | ||
| 942 | _cBK | ||
| 999 |
_c8677 _d8677 |
||